Introducción a la psicología
Zapisane w:
| 1. autor: | |
|---|---|
| Format: | Książka |
| Język: | hiszpański |
| Wydane: |
Madrid
McGraw-Hill
1999
|
| Hasła przedmiotowe: | |
| Etykiety: |
Dodaj etykietę
Nie ma etykietki, Dołącz pierwszą etykiete!
|
MARC
| LEADER | 00000nam a2200000 a 4500 | ||
|---|---|---|---|
| 001 | UCN7098 | ||
| 003 | CL-VaPUC | ||
| 008 | 011012e19990000SP |||||||||||||||||spa|d | ||
| 082 | 0 | 4 | |a 150 |b LAH |2 21 |
| 100 | |a Lahey, Benjamin B |e author |9 485735 | ||
| 245 | 1 | 0 | |a Introducción a la psicología |
| 300 | |a 846 p | ||
| 942 | |c BK | ||
| 945 | |d 20011012 00:00:00 |a cmena | ||
| 260 | |a Madrid |b McGraw-Hill |c 1999 | ||
| 650 | 0 | |a Psicología |9 257863 | |
| 650 | 0 | |a Conducta |9 269782 | |
| 650 | 0 | |a Aprendizaje |9 254827 | |
| 650 | 0 | |a Cognición |9 270347 | |
| 650 | 0 | |a Desarrollo individual |9 307875 | |
| 650 | 0 | |a Psicología social |9 222894 | |
| 650 | 0 | |a Psicología evolutiva |9 271069 | |
| 650 | 0 | |a Personalidad |9 307255 | |
| 650 | 7 | |a PSICOTERAPIA |2 CL-VaPUC |9 463019 | |
| 583 | |a last modification |c 20011012 00:00:00 |k Rodrigo Vera | ||
| 999 | |c 297616 |d 297614 | ||
| 952 | |0 0 |1 0 |4 0 |6 150_000000000000000_LAH_1999 |7 0 |8 A |9 352525 |a BIBEDU |b BIBEDU |d 2019-11-21 |i 3762939 |o 150 LAH 1999 |p 3762939 |r 2019-11-21 |w 2019-11-21 |y BK |k PSI | ||